| 000 | 00433nam a22001217a 4500 | ||
|---|---|---|---|
| 082 | _aPRO 220 | ||
| 100 |
_aNS Muhammad Taha Manzoor NS Noor-e-Mustafa NS Umer Sohail _970824 |
||
| 245 | _aPR-SOF-1535-DESIGN AND FABRICATION OF QUADRUPED ROBOT | ||
| 260 |
_aISLAMABAD _bNUST COLLEGE OF EME _c2016 |
||
| 650 | _a DE-MECH-34 | ||
| 700 |
_aSUPERVISOR ASST PROFESSOR YASSER RIAZ AWAN ASSOCIATE PROFESSOR Dr YASAR AYAZ _970825 |
||
| 942 | _cCR | ||
| 999 |
_c577674 _d577674 |
||